Sám sobě psychologem
Na minha lista:
| Autor principal: | |
|---|---|
| Outros Autores: | |
| Formato: | Livro |
| Idioma: | tcheco |
| Publicado em: |
Praha
Grada
1992
|
| Edição: | 1. vyd. |
| Assuntos: | |
| Tags: |
Sem tags, seja o primeiro a adicionar uma tag!
|
MARC
| LEADER | 00000nam a2200000 4500 | ||
|---|---|---|---|
| 001 | c003624 | ||
| 005 | 20221214090525.0 | ||
| 020 | |a 80-85424-88-6 | ||
| 041 | 0 | |a cze | |
| 044 | |a CZ | ||
| 245 | 1 | 0 | |a Sám sobě psychologem |c Věra Capponi, Tomáš Novák |
| 250 | |a 1. vyd. | ||
| 264 | 1 | |a Praha |b Grada |c 1992 | |
| 300 | |a 214 s. | ||
| 610 | 2 | 0 | |a psychológia |
| 610 | 2 | 0 | |a psychotechnika |
| 610 | 2 | 0 | |a asertivita |
| 100 | 1 | |a Capponi, Věra | |
| 700 | 1 | |a Novák, Tomáš | |